Statistics for Championship Play-Off Winners

Click here to take the quiz!

General Stats

  • This quiz has been taken 19 times
    (2 since last reset)
  • The average score is 15 of 22

Answer Stats

Answer% Correct
Fulham
100%
Derby County
100%
Huddersfield Town
100%
Norwich City
100%
Burnley
100%
Hull City
100%
Wolverhampton Wanderers
100%
Leicester City
100%
Bolton Wanderers
50%
Watford
50%
Ipswich Town
50%
Birmingham City
50%
Middlesbrough
50%
West Ham United
50%
Blackburn Rovers
50%
Blackpool
50%
Swansea City
50%
Queens Park Rangers
50%
Swindon Town
50%
Crystal Palace
50%
Charlton Athletic
50%
Notts County
0%

Score Distribution

Percentile by Number Answered

Percent of People with Each Score

Your Score History

You have not taken this quiz since the last reset